Library Banner

When modern was green (Record no. 53487)

MARC details
000 -LEADER
fixed length control field 00505nam a2200181Ia 4500
001 - CONTROL NUMBER
control field 56174
008 - FIXED-LENGTH DATA ELEMENTS--GENERAL INFORMATION
fixed length control field 140506s9999 xx 000 0 und d
020 ## - INTERNATIONAL STANDARD BOOK NUMBER
International Standard Book Number 9780415561396
040 ## - CATALOGING SOURCE
Transcribing agency PK-LaUMT
082 ## - DEWEY DECIMAL CLASSIFICATION NUMBER
Classification number 712.092
Item number HAN-W
100 ## - MAIN ENTRY--PERSONAL NAME
Personal name Haney, David H.
245 ## - TITLE STATEMENT
Title When modern was green
Remainder of title life and work of landscape architect leberecht migge
Statement of responsibility, etc Haney, David H.
260 ## - PUBLICATION, DISTRIBUTION, ETC. (IMPRINT)
Place of publication, distribution, etc London,UK:
Name of publisher, distributor, etc Routledge,
Date of publication, distribution, etc 2010
300 ## - PHYSICAL DESCRIPTION
Extent 323 p.
546 ## - LANGUAGE NOTE
Language note EN
650 ## - SUBJECT ADDED ENTRY--TOPICAL TERM
Topical term or geographic name as entry element Landscape architects-Germany
942 ## - ADDED ENTRY ELEMENTS (KOHA)
Koha item type Books
Holdings
Withdrawn status Lost status Damaged status Not for loan Home library Current library Date acquired Total Checkouts Full call number Barcode Date last seen Date checked out Price effective from Koha item type
        UMT Main Campus UMT Main Campus 2014-05-06 1 712.092 HAN-W 76602 2015-10-01 2015-10-01 2014-05-08 Books